Statistics for Airplanes I've Been On

Click here to take the quiz!

General Stats

  • This quiz has been taken 27 times
    (3 since last reset)
  • The average score is 6 of 10

Answer Stats

HintAnswer% Correct
Boeing737NG
100%
Boeing777
100%
AirbusA330
100%
AirbusA380
100%
Boeing757
67%
Boeing737 MAX
33%
AirbusA320neo
33%
EmbraerE145
33%
EmbraerE175
33%
EmbraerE190
33%

Score Distribution

Percentile by Number Answered

Percent of People with Each Score

Your Score History

You have not taken this quiz since the last reset